01293nam a2200325 a 4500001001000000003000900010005001700019007001000036008003900046020001500085040002200100082002100122245010800143250001200251260004400263300002700307650002300334650002500357650003500382650002400417700004100441942001200482945002800494952011900522952012100641952011500762956003800877956003700915999001500952000024318DO-SdBNP20180327120817.0000024318110126s2009 dr a 000 0 spa d a9945421123 aBPMSUbspacBPMSU a860bA634i, 200910aAntología infantil /cselección de versos, canciones y fábulas Fiume Bienvenida Gómez Sánchez a3a. ed. aSanto Domingo :bAmigo del Hogar,c2009 a94 p. :bil. ;c29 cm. a POESÍA INFANTIL aCANCIONES INFANTILES aFÁBULASxLITERATURA INFANTIL aLITERATURA INFANTIL aGómez Sánchez , Fiume Bienvenida 2ddccBK aInventariado / 2018 VM  00102ddc40708CI-DaBPMETbBPMETd2015-01-30l0o860 A634i 2009pBPMSU15040928r2015-01-30w2015-01-30yBK 00102ddc40708CI-DaBPMETbBPMETd2018-03-27l0o860 A634i, 2009pBPMSU18030072r2018-03-27te. 2w2018-03-27yBK 00102ddc40708CI-DaBPMETbBPMETd2018-03-27l0o860 A634i, 2009pBPMSU18030073r2018-03-27w2018-03-27yBK aVMATEOb10c20150518lBPMSUh0069 aValidado. Control de calidad MFF c7288d7288